Statistiques concernant Liste des entraîneurs de l'OM depuis 2010

Cliquez ici pour prendre le quiz!

Statistiques générales

  • Ce quiz a été pris 177 fois
  • Le résultat moyen est 10 sur 15

Statistiques - réponses

HintRéponse% Correct
2009-2012Didier Deschamps
90%
2023-2024Gennaro Gattuso
88%
2022-2023Igor Tudor
87%
2023Marcelino
86%
2014-2015Marcelo Bielsa
85%
2021-2022Jorge Sampaoli
83%
2016-2019Rudi Garcia
82%
2019-2021André Villas-Boas
74%
2015-2016Michel
69%
2015Franck Passi
53%
2016Franck Passi
53%
2012-2013Elie Baup
51%
2013-2014José Anigo
46%
2021Nasser Larguet
37%
2023Pancho Abardonado
29%

Distribution des résultats

Percentile par nombre de réponses

% des personnes avec chaque résultat

Votre développement - résultats

Vous n’avez pas pris ce quiz